| 000 | 01734nam0a22003131 4500 | ||
|---|---|---|---|
| 001 | rc\780784 | ||
| 005 | 20040301143255.3 | ||
| 035 | _a(NLR Aleph) 006306716 | ||
| 090 |
_a7308579 _c7308579 |
||
| 100 | _a20040301d1984 u |0rusy50 ca | ||
| 101 | 0 | _arus | |
| 102 | _aRU | ||
| 105 | _aa ||||||||| | ||
| 200 | 1 |
_aМетоды формирования высокоэффективных рабочих органов землеройных и землеройно-транспортных машин _f[В.И. Баловнев, Э.Н. Кузин, Л.А. Хмара] |
|
| 210 |
_aМ. _cЦНИИТЭстроймаш _d1984 |
||
| 215 |
_a50 с. _cил. _d21 |
||
| 225 | 1 |
_aСтроительное, дорожное и коммунальное машиностроение _eОбзор. информ. _fЦНИИ информ. и техн.-экон. исслед. по строит., дор. и коммун. машиностроению _iСерия "Дорожные машины" |
|
| 300 | _aВ вып. дан. 1-й авт.: Владылен[!] Иванович Баловнев | ||
| 300 | _aАвт. указаны на 2-й с. обл. | ||
| 320 | _aБиблиогр.: с. 48-49 (15 назв.) | ||
| 700 | 1 |
_aБаловнев _bВ. И. _gВладилен Иванович |
|
| 701 | 1 |
_aКузин _bЭ. Н. _gЭдуард Николаевич |
|
| 701 | 1 |
_aХмара _bЛ. А. _gЛеонид Андреевич |
|
| 712 | 0 | 2 |
_aЦНИИ информации и техн.-экон. исследований по строит., дорожному и коммунальному машиностроению _cМосква |
| 801 | 0 |
_aRU _bNLR _gpsbo |
|
| 801 | 1 |
_aRU _bELAR _2rusmarc |
|
| 852 |
_aNLR _j85-6/1791 |
||
| 942 | _cBOOK | ||
| 980 | _aNB | ||